Corporate social responsibility in Slovak small and medium sized enterprises

Pohľad na spoločensky zodpovedné podnikanie malých a stredných podnikov. Vývoj spoločensky zodpovedného podnikania a jeho koncepty. Aktivity spoločensky zodpovedných spoločností vo svete a na Slovensku. Motivácia pre implementáciu CSR.

Gespeichert in:
Bibliographische Detailangaben
1. Verfasser: Pružinský, Michal, 1952-
Weitere Verfasser: Tkáčiková, Jana
Format: Buchkapitel
Sprache:Englisch
Schlagworte:
Tags: Tag hinzufügen
Keine Tags, Fügen Sie das erste Tag hinzu!

MARC

LEADER 00000naa$a2200000$$$4500
001 0224150
005 20240502073653.3
041 0 |a eng 
044 |a SK 
245 1 0 |a Corporate social responsibility in Slovak small and medium sized enterprises  |c Michal Pružinský, Jana Tkáčiková 
520 |a Pohľad na spoločensky zodpovedné podnikanie malých a stredných podnikov. Vývoj spoločensky zodpovedného podnikania a jeho koncepty. Aktivity spoločensky zodpovedných spoločností vo svete a na Slovensku. Motivácia pre implementáciu CSR. 
610 2 0 |a podnikanie zodpovedné 
610 2 0 |a pojmy 
610 2 0 |a história 
610 2 0 |a svet 
610 2 0 |a Slovensko 
610 2 0 |a podnik malý 
610 2 0 |a podnik stredný 
610 2 0 |a etika podnikateľská 
100 1 |a Pružinský, Michal, 1952- 
700 1 |a Tkáčiková, Jana